000 00625nam a2200193Ia 4500
005 20250820155934.0
008 008 250516s9999 xx 000 0 hin d
020 _a9789389663969
040 _beng
_cSDCL
041 _ahin
_2hin
084 _aO152,3M80x R4
100 _aChaubey, Devendra
245 0 _aKaljayi Kathakar Premchand Ki 51 Shresth Kahaniyan
246 _aकालजयी कथाकार प्रेमचंद की ५१ श्रेष्ठ कहानियां
260 _aNew Delhi:
_bKitabghar Prakashan,
_c2024.
300 _a445p.
650 _aHindi
942 _cTEXL
_2CC
999 _c1430163
_d1430163